| 000 | 00886nam a2200313 a 4500 | ||
|---|---|---|---|
| 001 | 000114717 | ||
| 003 | CHAP | ||
| 005 | 20220329144454.0 | ||
| 008 | 180323s2000 sp |r| ||||||spa d | ||
| 010 | _a111178 | ||
| 011 | _a112150 | ||
| 020 | _a8471149397 | ||
| 040 | _cCHAP | ||
| 082 | 0 | 4 |
_a663.2 _bP51 |
| 100 | 0 | 0 |
_aPeynaud, Emile. _987710 |
| 245 | 1 | 0 |
_aDescubrir el gusto del vino / _cpor Emile Peynaud y Blouin Jacques. |
| 260 |
_aMadrid : _bMundi-Prensa, _c2000. |
||
| 300 | _avii, 219 p. | ||
| 534 |
_pTít. original : _tDécouvrir le gout du vin |
||
| 590 |
_aBATCH-UPD _b05 _c20180323 _lUCH01 _h1118 |
||
| 590 |
_aE5765TAJ _b05 _c20180323 _lUCH01 _h1117 |
||
| 650 | 1 | 4 |
_aDegustación de vinos. _9134966 |
| 650 | 1 | 4 |
_aVino _xCata. _9134968 |
| 650 | 1 | 4 |
_aVino _xSabor y olor. _9134967 |
| 700 | 1 |
_aBlouin, Jaques _9134991 |
|
| 901 | _aBK | ||
| 942 | _cLIBRO | ||
| 942 | _n0 | ||
| 999 |
_c111178 _d111178 |
||